000 00610nam a2200205 a 4500
005 20230316063554.0
008 080403s2001 es r 000 0 spa d
020 _a8426130445
035 _aUPN01000155196
049 _aI
050 4 _aPZ71
_bB4.36 2001
100 1 _aBeck, Ian Archibald,
_d1947-
_933261
245 1 0 _aEn casa antes de anochecer /
_cIan Beck ; tr. Jordi Jané.
250 _a2a ed.
260 _aBarcelona, Esp. :
_bJuventud,
_c2001.
300 _a[30] p. :
_bil. col.
534 _pTraducción de:
_tHome before dark
650 4 _aCuentos infantiles ingleses
_910002
905 _aInfantil
999 _c127312
_d127312